000
00261nam a22001097a 4500
082
_a
541.3 BOD'P
100
_a
BODSWORTH, C
_9
79831
245
_a
PHYSICAL CHEMISTRY OF IRON AND STEEL MANUFACTURE
260
_a
LONDON
_b
ELBS
_c
1963
300
_a
497P
942
_c
BK
999
_c
584824
_d
584824